000 01732nam a2200325 c 4500
003 BLK
005 20180420222630.0
008 180408b bul|||||r ||||||| ||bul||
010 _aKNG00060864000
040 _aBLK
041 _aBUL
_cBUL
080 _aКръв. Кръвообращение. Вж и 616.15
_b612.1
_x
_z612.1
080 _aБолести на кръвта. Патологична хематология. Хематологични реакции - Хемофилия, ацидоза, бацилемия, хипергликемия, хипогликемия, хемоглобинопатия, диспротеинемия. Вж и 616. 94
_b616.15
_x
_z616.15
100 1 _aИстаманова, Татяна Сергеевна
_eпърви автор
_973205
700 1 _aАлмазов, Владимир Андреевич
_eсъавт.
_9287177
700 1 _aКанаев, Сергей Василиевич
_eсъавт.
_9287178
700 1 _aКлюс, Борис
_eпрев. от рус.
_979867
139 _aИстаманова, Татяна Сергеевна и др.
_bИ 94
245 1 0 _aФункционална хематология
_bМоногр.
_cТатяна Сергеевна Истаманова; съавт. Владимир Андреевич Алмазов; съавт. Сергей Василиевич Канаев; прев. от рус. Борис Клюс.
257 _aBGR
260 Пловдив
_bХристо Г. Данов
_c1976
300 _a368 с.
_c20 см
380 _a61
650 4 _aХематология
_9176390
852 _aЦб 80978
856 4 _qpdf
_u
856 4 _qpdf
_u
942 _cKNG
_n0
944 _aCR
_c13.06.2004
_kГеновева_Генчева
944 _aED
_c22.06.2016
_kНора_Радева
999 _c56877
_d56877